000 00364nam a2200133Ia 4500
008 240624s9999 xx 000 0 und d
041 _aeng
082 _a362.10683 SHI
100 _aSHI LEIYU
245 _aMANAGING HUMAN RESOURCES IN HEALTH CARE
260 _c2007
_aBoston
_bJones and Bartlett Publishers
300 _axxiii, : 412 : p. : cm. ; 22
365 _c
_b25
999 _c4706
_d4706